[Event "Interclubs Adultes"]
[Site "?"]
[Date "2004.03.14"]
[Round "6.1"]
[White "Noharet, Michael"]
[Black "Dujardin, Franck"]
[Result "0-1"]
[WhiteElo "1810"]
[BlackElo "2115"]
[PlyCount "80"]
[EventDate "2004.??.??"]

1. Nf3 b6 2. e3 Nf6 3. b3 e6 4. Bb2 Be7 5. Be2 Bb7 6. O-O O-O 7. c4 c5 8. Nc3
d5 9. Qc2 Nbd7 10. Ne1 a6 11. f4 d4 12. Nd1 e5 13. fxe5 Nxe5 14. Nf2 dxe3 15.
Bxe5 exf2+ 16. Rxf2 Ne4 17. Bf3 Nxf2 18. Bxb7 Ng4 19. Bxa8 Nxe5 20. Bd5 Bf6 21.
Rd1 Qd6 22. Qf5 Ng6 23. Be4 Qd4+ 24. Kf1 Re8 25. d3 Qb2 26. Qf2 Qe5 27. Nf3 Qh5
28. Re1 Rd8 29. Qe3 h6 30. Re2 Qg4 31. g3 Qh3+ 32. Ke1 Bc3+ 33. Kd1 Qf1+ 34.
Ne1 Ne5 35. Bd5 Bxe1 36. Rxe1 Qxd3+ 37. Kc1 Qxe3+ 38. Rxe3 Ng4 39. Re7 Nxh2 40.
Rxf7 Rxd5 0-1

[Event "Interclubs Adultes"]
[Site "?"]
[Date "2004.03.14"]
[Round "6.2"]
[White "Tartarin, Didier"]
[Black "Martin, Jean-Yves"]
[Result "1-0"]
[WhiteElo "1930"]
[BlackElo "1740"]
[PlyCount "105"]
[EventDate "2004.??.??"]

1. e4 d6 2. d4 Nf6 3. Bd3 e5 4. Nf3 Bg4 5. c3 Bxf3 6. Qxf3 Nbd7 7. Nd2 a6 8.
O-O Be7 9. Re1 O-O 10. Nf1 Kh8 11. Ng3 Ne8 12. Bc4 Bf6 13. Nf5 Rc8 14. Be3 b5
15. Bb3 Nb6 16. Rad1 Nc4 17. Bc1 Bg5 18. Bxg5 Qxg5 19. Bxc4 bxc4 20. Ne3 Nf6
21. Nxc4 Nh5 22. Qf5 Qxf5 23. exf5 f6 24. d5 g6 25. Ne3 Rg8 26. Kf1 gxf5 27.
Nxf5 Rg5 28. Ne3 Ng7 29. g3 f5 30. Ng2 f4 31. gxf4 exf4 32. Nxf4 Nf5 33. Rd3
Rcg8 34. Ne6 Rg1+ 35. Ke2 Rxe1+ 36. Kxe1 Re8 37. Kd2 c5 38. Rf3 Nh4 39. Rf7 Rb8
40. b3 Ng6 41. f4 h6 42. Rd7 Nh4 43. Rxd6 Rg8 44. Nxc5 Rg2+ 45. Kd3 Nf5 46. Rf6
Ne7 47. Rxh6+ Kg7 48. Rh5 Rxa2 49. h4 a5 50. d6 Nc6 51. d7 Rf2 52. Ne6+ Kf7 53.
d8=Q 1-0

[Event "Interclubs Adultes"]
[Site "?"]
[Date "2004.03.14"]
[Round "6.3"]
[White "Isoardo, Jean-Luc"]
[Black "Moissonnier, Noel"]
[Result "1/2-1/2"]
[WhiteElo "1710"]
[BlackElo "1820"]
[PlyCount "72"]
[EventDate "2004.??.??"]

1. d4 f5 2. Nc3 Nf6 3. Bg5 g6 4. Bxf6 exf6 5. e4 d6 6. Bd3 fxe4 7. Nxe4 Nc6 8.
c3 Qe7 9. Qe2 Bg7 10. Nf3 Bg4 11. O-O-O O-O-O 12. Rhe1 Qf7 13. h3 Bxf3 14. Qxf3
f5 15. Ng3 Qxa2 16. Bb1 Bh6+ 17. Kc2 Qc4 18. b3 Qb5 19. Qe2 Qb6 20. Qe6+ Kb8
21. Nxf5 gxf5 22. Qxh6 Na5 23. Qe6 Qb5 24. Ba2 Rde8 25. Qf7 Re2+ 26. Rxe2 Qxe2+
27. Rd2 Qe4+ 28. Kb2 Qe1 29. Rc2 Qe4 30. f3 Qd3 31. b4 Nc6 32. Bc4 Qd1 33. Re2
a6 34. Re8+ Ka7 35. Rxh8 Qd2+ 36. Kb3 Qd1+ 1/2-1/2

[Event "Interclubs Adultes"]
[Site "?"]
[Date "2004.03.14"]
[Round "6.4"]
[White "Meunier, Clement"]
[Black "Bondierlange, Raymond"]
[Result "0-1"]
[WhiteElo "1640"]
[BlackElo "1740"]
[PlyCount "158"]
[EventDate "2004.??.??"]

1. e4 e5 2. Nf3 Nc6 3. Nc3 Nf6 4. Bc4 Nxe4 5. Bxf7+ Kxf7 6. Nxe4 Be7 7. d3 h6
8. Qe2 d6 9. h3 Be6 10. a3 Qd7 11. Be3 a5 12. Rd1 d5 13. Nc5 Bxc5 14. Bxc5 b6
15. Be3 Qe7 16. Bd2 Qf6 17. Bc1 Rhe8 18. O-O Kg8 19. Nh2 Qg6 20. Qf3 Rf8 21.
Qg3 Rf6 22. c3 Raf8 23. Ng4 Bxg4 24. Qxg4 Qxg4 25. hxg4 g5 26. f3 Kg7 27. Bd2
Ne7 28. Be1 Ng6 29. Bg3 Nf4 30. Bxf4 gxf4 31. Rde1 Re6 32. Re2 c5 33. Rfe1 Kf6
34. d4 Rfe8 35. dxe5+ Rxe5 36. Rxe5 Rxe5 37. Rxe5 Kxe5 38. Kf2 c4 39. g3 fxg3+
40. Kxg3 b5 41. Kg2 d4 42. Kf2 d3 43. Ke3 Kf6 44. f4 Ke6 45. b4 axb4 46. axb4
Kf6 47. Kf2 Ke6 48. Kf3 Kd5 49. Ke3 Ke6 50. Kf2 Kf6 51. Kf3 Kg6 52. Ke3 h5 53.
gxh5+ Kxh5 54. Kf3 Kh4 55. f5 Kg5 56. Ke3 Kxf5 57. Kf3 Kg5 58. Kf2 Kg4 59. Ke3
Kg3 60. Kd2 Kf2 61. Kd1 Ke3 62. Ke1 Kf3 63. Kd2 Kg2 64. Kc1 d2+ 65. Kd1 Kf3 66.
Kxd2 Kf2 67. Kc1 Ke1 68. Kc2 Ke2 69. Kc1 Kd3 70. Kb2 Kd2 71. Kb1 Kxc3 72. Kc1
Kxb4 73. Kb2 c3+ 74. Ka2 Kc4 75. Kb1 Kd3 76. Kc1 b4 77. Kd1 c2+ 78. Kc1 b3 79.
Kb2 Kd2 0-1

[Event "Interclubs Adultes"]
[Site "?"]
[Date "2004.03.14"]
[Round "6.5"]
[White "Sassier, Bernard"]
[Black "L'Hermitte, Benjamin"]
[Result "0-1"]
[WhiteElo "1580"]
[BlackElo "1640"]
[PlyCount "54"]
[EventDate "2004.??.??"]

1. e4 c5 2. c3 d5 3. exd5 Qxd5 4. d4 Nf6 5. dxc5 Qxd1+ 6. Kxd1 Ne4 7. b4 Nxf2+
8. Ke2 Nxh1 9. g3 Bd7 10. Bg2 Bb5+ 11. Ke1 Bc6 12. Nf3 Nxg3 13. hxg3 g6 14. a4
a6 15. Nbd2 Bg7 16. Bb2 O-O 17. Nc4 Nd7 18. Na5 Be4 19. Kf2 b6 20. cxb6 Nxb6
21. Re1 f5 22. Ng5 Bxg2 23. Kxg2 Rfd8 24. Ba1 Bf6 25. Ne6 Rd2+ 26. Kf3 Rd3+ 27.
Kf4 Nd5# 0-1

[Event "Interclubs Adultes"]
[Site "?"]
[Date "2004.03.14"]
[Round "6.6"]
[White "Chanove, Bruno"]
[Black "Durbet, Philippe"]
[Result "1-0"]
[WhiteElo "1570"]
[BlackElo "1530"]
[PlyCount "101"]
[EventDate "2004.??.??"]

1. e4 e5 2. Nf3 Nf6 3. Bc4 d5 4. exd5 e4 5. Qe2 Be7 6. Ng5 O-O 7. Nc3 Bd6 8.
O-O Bxh2+ 9. Kh1 Ng4 10. Ncxe4 Bd6 11. d3 Re8 12. Qf3 Ne5 13. Qh5 h6 14. Nxd6
Qxd6 15. Ne4 Qe7 16. Bf4 Nxc4 17. Rfe1 Ne5 18. d4 Ng4 19. Nf6+ Nxf6 20. Rxe7
Nxh5 21. Rxe8+ Kh7 22. Bxc7 Na6 23. d6 Nf6 24. Rf8 Kg6 25. Re1 b6 26. Re7 Nxc7
27. dxc7 a5 28. c4 a4 29. d5 Nd7 30. Rfxf7 Ne5 31. Rf8 Nxc4 32. Rd8 b5 33. Ree8
Nb6 34. Rd6+ Kf7 35. Rxb6 Kxe8 36. Rb8 Ra7 37. Rxc8+ Kd7 38. Rg8 Kxc7 39. Rxg7+
Kd6 40. Rg6+ Kxd5 41. Rxh6 Rc7 42. Rh5+ Kc4 43. b3+ axb3 44. axb3+ Kxb3 45.
Rxb5+ Kc4 46. Rf5 Kd4 47. Rf8 Ke4 48. g4 Rc5 49. Kg2 Rg5 50. Kg3 Ke5 51. f4+
1-0

[Event "Interclubs Adultes"]
[Site "?"]
[Date "2004.03.14"]
[Round "6.7"]
[White "Didier, Eric"]
[Black "L'Hermitte, Samuel"]
[Result "1-0"]
[WhiteElo "1410"]
[BlackElo "1400"]
[PlyCount "48"]
[EventDate "2004.??.??"]

1. c4 Nf6 2. Nc3 e5 3. g3 c6 4. Bg2 d5 5. cxd5 cxd5 6. e3 Nc6 7. Nge2 Bb4 8. a3
Ba5 9. b4 Bc7 10. Bb2 a6 11. e4 Be6 12. d4 Qd7 13. dxe5 Bxe5 14. exd5 Bxc3+ 15.
Nxc3 Nxd5 16. Nxd5 Bxd5 17. Bxd5 Qe7+ 18. Qe2 O-O-O 19. Qxe7 Nxe7 20. Bxf7 Rhf8
21. Be6+ Kb8 22. O-O g6 23. Rad1 Nc6 24. Rxd8+ Rxd8 1-0

[Event "Interclubs Adultes"]
[Site "?"]
[Date "2004.03.14"]
[Round "6.8"]
[White "Meunier, Rene"]
[Black "Lenglet, Francis"]
[Result "0-1"]
[WhiteElo "1290"]
[BlackElo "1320"]
[PlyCount "136"]
[EventDate "2004.??.??"]

1. e4 Nf6 2. Nc3 d5 3. e5 d4 4. exf6 dxc3 5. bxc3 exf6 6. Nf3 Bc5 7. d4 Bb6 8.
Be3 O-O 9. Bd3 Bg4 10. O-O Nc6 11. Re1 Re8 12. h3 Bh5 13. Kh1 Ne7 14. g4 Bg6
15. h4 h6 16. Qd2 Qd5 17. Be2 Be4 18. Kg2 Ng6 19. Rh1 Rad8 20. Rad1 c6 21. c4
Qd7 22. Rdg1 Ne5 23. dxe5 Qxd2 24. Bxd2 Rxd2 25. Re1 Rxe5 26. Kh3 Bxf3 27. Bxf3
Rxf2 28. Kg3 Rxc2 29. Rxe5 fxe5 30. h5 Rxc4 31. Rd1 Rd4 32. Rb1 f6 33. a3 e4
34. Bd1 Rd3+ 35. Kf4 e3 36. Be2 Rxa3 37. Bc4+ Kf8 38. Kf5 Rc3 39. Be2 Rc5+ 40.
Ke4 Re5+ 41. Kf3 Ke7 42. Rd1 Rd5 43. Rc1 Re5 44. Bd3 Kd6 45. Be2 Kc7 46. Rd1
Ba5 47. Ra1 Bb6 48. Rd1 a5 49. Rd3 Bc5 50. Rc3 b5 51. Rc1 a4 52. Rc2 Bb4 53.
Kf4 c5 54. Bxb5 Kb6 55. Be2 a3 56. Bf1 Ka5 57. Bc4 Bd2 58. Kf3 Kb4 59. Ke2 Bc3
60. Kd3 Bd4 61. Re2 Rg5 62. Be6 Re5 63. Bc4 Re7 64. Re1 e2 65. Ba2 Re3+ 66. Kc2
Rc3+ 67. Kd2 Re3 68. Rb1+ Ka5 0-1

[Event "Interclubs Adultes"]
[Site "?"]
[Date "2004.03.14"]
[Round "6.1"]
[White "Thevenet, Yann"]
[Black "Andrez, Marc-Olivier"]
[Result "1-0"]
[WhiteElo "2138"]
[BlackElo "2173"]
[PlyCount "105"]
[EventDate "2004.??.??"]

1. e4 e6 2. d4 d5 3. Nd2 Be7 4. e5 c5 5. c3 Nc6 6. Bd3 Qb6 7. Qg4 g6 8. Ndf3 f5
9. Qf4 cxd4 10. cxd4 h6 11. Ne2 g5 12. Qg3 Bb4+ 13. Kf1 Qc7 14. h4 g4 15. Ne1
Bxe1 16. Kxe1 Nge7 17. h5 Nb4 18. Bb1 Nc2+ 19. Bxc2 Qxc2 20. f3 Bd7 21. Bd2
gxf3 22. gxf3 Rg8 23. Qf4 Qxb2 24. Kf2 O-O-O 25. Rab1 Qxa2 26. Ra1 Qb3 27. Rhb1
Qd3 28. Nc1 Qc2 29. Nb3 Nc6 30. Nc5 Rg7 31. Rc1 Qb2 32. Rab1 Qa2 33. Nxb7 Rdg8
34. Nd6+ Kd8 35. Qh4+ Re7 36. Rd1 Qa4 37. Ba5+ Nxa5 38. Rb8+ Kc7 39. Rxg8 Qc2+
40. Ke1 Qc3+ 41. Rd2 Qe3+ 42. Re2 Qc3+ 43. Kf1 Qxf3+ 44. Qf2 Qxh5 45. Rc2+ Nc4
46. Ke1 f4 47. Qxf4 Qh1+ 48. Kf2 Qb1 49. Rc1 Qa2+ 50. Kg1 Kb6 51. Qf8 Qa3 52.
Qb8+ Ka5 53. Qxa7+ 1-0

[Event "Interclubs Adultes"]
[Site "?"]
[Date "2004.03.14"]
[Round "6.2"]
[White "Alessandri, Pascal"]
[Black "Gouy, Frederic"]
[Result "0-1"]
[WhiteElo "2044"]
[BlackElo "2162"]
[PlyCount "49"]
[EventDate "2004.??.??"]

1. e4 c5 2. Nf3 d6 3. d4 cxd4 4. Nxd4 Nf6 5. Nc3 Nc6 6. Bg5 e6 7. Qd2 a6 8.
O-O-O Qb6 9. Nb3 Bd7 10. Be3 Qc7 11. Be2 Na5 12. Nxa5 Qxa5 13. Kb1 Be7 14. g4
Bc6 15. f3 b5 16. a3 Rb8 17. Bf4 Rd8 18. g5 Nh5 19. Be3 b4 20. axb4 Qxb4 21.
Na2 Qb7 22. Qb4 g6 23. Qc4 Rg8 24. Nb4 Bb5 25. Rxd6 0-1

[Event "Interclubs Adultes"]
[Site "?"]
[Date "2004.03.14"]
[Round "6.3"]
[White "Vernay, Denis"]
[Black "Alvarez, Stephane"]
[Result "1/2-1/2"]
[WhiteElo "1931"]
[BlackElo "2007"]
[PlyCount "50"]
[EventDate "2004.??.??"]

1. c4 c6 2. Nf3 Nf6 3. g3 d5 4. cxd5 cxd5 5. d4 Nc6 6. Bg2 g6 7. Nc3 Bg7 8. a3
O-O 9. O-O e6 10. b4 Bd7 11. Bb2 Ne8 12. e4 dxe4 13. Nxe4 Nf6 14. Ne5 Nxe5 15.
dxe5 Nxe4 16. Bxe4 Bb5 17. Qxd8 Raxd8 18. Rfd1 b6 19. Bf3 Ba4 20. Rxd8 Rxd8 21.
Rc1 Rd7 22. Rc8+ Bf8 23. Bc1 Kg7 24. Bg5 Be7 25. Bxe7 Rxe7 1/2-1/2

[Event "Interclubs Adultes"]
[Site "?"]
[Date "2004.03.14"]
[Round "6.4"]
[White "Dubois, Herve"]
[Black "Merle, Florent"]
[Result "1-0"]
[WhiteElo "1975"]
[BlackElo "1980"]
[PlyCount "41"]
[EventDate "2004.??.??"]

1. c4 e5 2. Nc3 d6 3. Nf3 Be6 4. d3 c6 5. g3 Be7 6. Bg2 Na6 7. a3 Qd7 8. b4 Bh3
9. Bxh3 Qxh3 10. b5 Nc5 11. Be3 Nd7 12. bxc6 bxc6 13. Qa4 Nh6 14. Bxh6 gxh6 15.
Qxc6 Rb8 16. Nd5 Rg8 17. Nd2 Rg6 18. Rb1 Rxb1+ 19. Nxb1 Kf8 20. Qa8+ Kg7 21.
Nxe7 1-0

[Event "Interclubs Adultes"]
[Site "?"]
[Date "2004.03.14"]
[Round "6.5"]
[White "Nyd, Christopher"]
[Black "Darcet, Bruno"]
[Result "1-0"]
[WhiteElo "1770"]
[BlackElo "1830"]
[PlyCount "47"]
[EventDate "2004.??.??"]

1. d4 d5 2. c4 c6 3. Nc3 Nf6 4. Nf3 e6 5. Bg5 dxc4 6. e4 b5 7. a4 b4 8. Na2 Ba6
9. Rc1 Qa5 10. Bxf6 gxf6 11. Nd2 c3 12. Bxa6 cxd2+ 13. Qxd2 Qxa6 14. b3 Qb6 15.
O-O a5 16. d5 e5 17. dxc6 Nxc6 18. Qd5 Rc8 19. Rfd1 Qb7 20. Rc4 Bh6 21. Qd6 Bg7
22. Rdc1 Ne7 23. Rc7 Rd8 24. Qxe7# 1-0

[Event "Interclubs Adultes"]
[Site "?"]
[Date "2004.03.14"]
[Round "6.6"]
[White "Trouillet, Francois"]
[Black "Hurault, Frederic"]
[Result "1-0"]
[WhiteElo "1830"]
[BlackElo "1700"]
[PlyCount "103"]
[EventDate "2004.??.??"]

1. e4 c6 2. d4 d5 3. Nc3 dxe4 4. Nxe4 Bf5 5. Ng3 Bg6 6. h4 h6 7. h5 Bh7 8. Bd3
Bxd3 9. Qxd3 Nf6 10. Nf3 Nbd7 11. Bf4 e6 12. Ne4 Nxe4 13. Qxe4 Be7 14. Ne5 Nxe5
15. Bxe5 Bf6 16. O-O-O O-O 17. Kb1 Bxe5 18. dxe5 Qb6 19. Qd4 Rfd8 20. Qxb6 axb6
21. c4 Kf8 22. a3 Ke8 23. Kc2 Rd7 24. Rxd7 Kxd7 25. Rh3 c5 26. Rg3 Rg8 27. f4
Kc6 28. a4 Kd7 29. Kd3 Ke7 30. Ke4 Rd8 31. Rb3 Rd4+ 32. Ke3 Rxc4 33. Rxb6 Rxa4
34. Rxb7+ Ke8 35. Rb8+ Ke7 36. Rb7+ Ke8 37. g3 Rd4 38. Rb5 Rd5 39. b4 cxb4 40.
Rxb4 f6 41. Rb6 Kf7 42. Rb7+ Kf8 43. exf6 gxf6 44. g4 f5 45. g5 hxg5 46. fxg5
Re5+ 47. Kf3 Re1 48. h6 Rf1+ 49. Kg2 Rf4 50. h7 Rh4 51. g6 Rg4+ 52. Kf3 1-0

[Event "Interclubs Adultes"]
[Site "?"]
[Date "2004.03.14"]
[Round "6.7"]
[White "Domenech, Francois"]
[Black "Charbonnier, Christophe"]
[Result "0-1"]
[WhiteElo "1620"]
[BlackElo "1730"]
[PlyCount "52"]
[EventDate "2004.??.??"]

1. e4 e5 2. f4 d5 3. exd5 exf4 4. Nf3 Bd6 5. Bc4 Nf6 6. O-O O-O 7. d4 Bg4 8.
Nc3 Nbd7 9. Qd3 h6 10. Nd2 Re8 11. Nde4 Nxe4 12. Nxe4 Bf5 13. Bxf4 Bxe4 14. Qg3
Bxf4 15. Rxf4 Nf6 16. d6 Qxd6 17. Qf2 Re7 18. Rf1 Rae8 19. c3 Bd5 20. Rxf6 gxf6
21. Bxd5 Qxd5 22. Qxf6 Qe6 23. Qh4 Qe3+ 24. Kh1 Qg5 25. Qf2 Qg6 26. Qf3 Re1 0-1

[Event "Interclubs Adultes"]
[Site "?"]
[Date "2004.03.14"]
[Round "6.1"]
[White "Pomat, Jerome"]
[Black "Mulas, Gianmmarco"]
[Result "0-1"]
[WhiteElo "1720"]
[BlackElo "2125"]
[PlyCount "66"]
[EventDate "2004.??.??"]

1. e4 c5 2. d4 cxd4 3. c3 dxc3 4. Nxc3 Nc6 5. Nf3 d6 6. Bc4 e6 7. O-O Nf6 8.
Qe2 Be7 9. Rd1 Qc7 10. Bf4 e5 11. Be3 O-O 12. Rac1 Qb8 13. Bb3 Bg4 14. h3 Bh5
15. a3 h6 16. Qd2 Bg6 17. Bd5 Nxd5 18. exd5 Na5 19. Bxa7 Rxa7 20. Nb5 Nb3 21.
Qe3 Nxc1 22. Rxc1 Ra5 23. Qe2 Rc8 24. Rxc8+ Qxc8 25. Nxe5 Qc1+ 26. Kh2 Qf4+ 27.
g3 Qxe5 28. Qxe5 dxe5 29. d6 Rxb5 30. dxe7 f6 31. h4 Rxb2 32. h5 Bxh5 33. g4
Be8 0-1

[Event "Interclubs Adultes"]
[Site "?"]
[Date "2004.03.14"]
[Round "6.2"]
[White "Vidalinc, Jean-Louis"]
[Black "Rasle, Jean-Michel"]
[Result "1/2-1/2"]
[WhiteElo "2040"]
[BlackElo "1720"]
[PlyCount "67"]
[EventDate "2004.??.??"]

1. e4 e6 2. d3 d5 3. Qe2 d4 4. e5 c5 5. f4 f6 6. f5 Nc6 7. Qh5+ Ke7 8. fxe6
Nxe5 9. Bf4 Qd5 10. Bxe5 Qxe5+ 11. Qxe5 fxe5 12. Nf3 Kd6 13. Na3 Bxe6 14. O-O-O
Nf6 15. h3 a6 16. Re1 Nd7 17. Ng5 b5 18. Nxe6 Kxe6 19. Be2 Re8 20. Bf3 c4 21.
Bg4+ Kd6 22. dxc4 b4 23. Bxd7 Kxd7 24. Nb1 g6 25. Rhf1 Bh6+ 26. Kd1 Rhf8 27.
Nd2 Rxf1 28. Rxf1 Bxd2 29. Kxd2 e4 30. Ke2 Ke6 31. Rf4 Ke5 32. Rf1 Rc8 33. b3
h5 34. g3 1/2-1/2

[Event "Interclubs Adultes"]
[Site "?"]
[Date "2004.03.14"]
[Round "6.3"]
[White "Lefevre, Margaux"]
[Black "Anthoine-Milhomme, Jean-Pierre"]
[Result "0-1"]
[WhiteElo "1520"]
[BlackElo "1960"]
[PlyCount "80"]
[EventDate "2004.??.??"]

1. e4 e5 2. Nf3 Nc6 3. Bc4 Nf6 4. d3 Bc5 5. O-O O-O 6. c3 d6 7. Bg5 Bg4 8. Nbd2
Qe7 9. b4 Bb6 10. h3 Bh5 11. Qb3 h6 12. Bh4 g5 13. Bg3 Bg6 14. a4 a6 15. a5 Ba7
16. b5 axb5 17. Bxb5 Nd8 18. Bc4 Rb8 19. Rfb1 Ne6 20. Qc2 Nh5 21. Bh2 Nhf4 22.
Rb3 h5 23. g4 Nxh3+ 24. Kg2 hxg4 25. Ng1 Nef4+ 26. Kf1 Qf6 27. Bxf4 Qxf4 28. d4
Bxe4 29. Bd3 Bxd3+ 30. Kg2 Bxc2 31. Rf1 Bxb3 32. Rc1 exd4 33. c4 Nxg1 34. Kxg1
d3 35. Rc3 g3 36. Rxb3 gxf2+ 37. Kg2 Qg4+ 38. Kh2 Kg7 39. Rxd3 Rh8+ 40. Rh3
Rxh3# 0-1

[Event "Interclubs Adultes"]
[Site "?"]
[Date "2004.03.14"]
[Round "6.4"]
[White "Wagner, Bruno"]
[Black "Degaches, Yves"]
[Result "1-0"]
[WhiteElo "1928"]
[BlackElo "1530"]
[PlyCount "55"]
[EventDate "2004.??.??"]

1. d4 d5 2. Nc3 e6 3. e4 dxe4 4. Nxe4 c6 5. Nf3 h6 6. Bd3 Nd7 7. O-O Ngf6 8.
Ned2 Be7 9. Nc4 O-O 10. c3 Qc7 11. Nce5 c5 12. Bf4 Nh5 13. Nxd7 Qxd7 14. Ne5
Qc7 15. Qxh5 cxd4 16. cxd4 f5 17. Ng6 Qd8 18. Nxf8 Qxf8 19. Rac1 Bd7 20. Rc7
Be8 21. Qf3 Rd8 22. Be5 Bc6 23. Qg3 Rd7 24. Rxd7 Bxd7 25. Rc1 Bc6 26. Bc4 Bd5
27. Bxd5 exd5 28. Rc8 1-0

[Event "Interclubs Adultes"]
[Site "?"]
[Date "2004.03.14"]
[Round "6.5"]
[White "Berge, Pierre"]
[Black "Colas, Yves"]
[Result "0-1"]
[WhiteElo "1540"]
[BlackElo "1975"]
[PlyCount "116"]
[EventDate "2004.??.??"]

1. c4 Nf6 2. g3 g6 3. Bg2 c5 4. Nc3 Bg7 5. Rb1 O-O 6. a3 a5 7. d3 Nc6 8. Nf3 d6
9. O-O Bd7 10. e3 Qc8 11. Re1 Bg4 12. Qd2 Re8 13. Nb5 Bd7 14. e4 Ng4 15. b3
Nce5 16. Nc3 Nxf3+ 17. Bxf3 Ne5 18. Bg2 Bc6 19. Nd5 Bxd5 20. exd5 Qf5 21. Be4
Nf3+ 22. Bxf3 Qxf3 23. Bb2 Qf5 24. Re4 Qd7 25. Bxg7 Kxg7 26. Rh4 Rh8 27. Re1 h6
28. Rhe4 Kf8 29. R1e3 b6 30. Rf3 Rh7 31. d4 Qb7 32. dxc5 bxc5 33. a4 e5 34. Qc2
Ra7 35. Rg4 Kg7 36. h4 Qd7 37. Re4 f5 38. Re1 h5 39. Kg2 Qd8 40. Qd2 Rf7 41.
Rh1 Kg8 42. Qg5 Qxg5 43. hxg5 Rb7 44. Re3 Rb4 45. Rc1 Rf7 46. f4 e4 47. Kh3 Kf8
48. Kh4 Ke8 49. Kh3 Kd7 50. Kh4 Kc7 51. Kh3 Kb7 52. Kh4 Ka6 53. Kh3 Rb8 54. Kh4
Rh7 55. Rh1 Rhb7 56. Rb1 Rb4 57. Rc1 Rxb3 58. Rxb3 Rxb3 0-1

[Event "Interclubs Adultes"]
[Site "?"]
[Date "2004.03.14"]
[Round "6.6"]
[White "Dennielou, Pierre-Yves"]
[Black "Mech, Emmanuel"]
[Result "1-0"]
[WhiteElo "1790"]
[BlackElo "1530"]
[PlyCount "84"]
[EventDate "2004.??.??"]

1. d4 e6 2. c4 c5 3. Be3 Nf6 4. dxc5 Bxc5 5. Bxc5 Qa5+ 6. Nc3 Qxc5 7. e3 O-O 8.
Nf3 b6 9. Rb1 Bb7 10. b4 Qe7 11. Be2 Na6 12. a3 Rac8 13. Qb3 Ne4 14. Nxe4 Bxe4
15. Rd1 Rc7 16. O-O Rfc8 17. Nd2 Bb7 18. Qb2 d5 19. Rc1 dxc4 20. Nxc4 Qg5 21.
f3 Bd5 22. h4 Qh6 23. Qd4 b5 24. Nd6 Rxc1 25. Nxc8 Rxc8 26. Bxb5 Nc7 27. Rc1 e5
28. Qxa7 Qe6 29. Rxc7 Rxc7 30. Qxc7 g6 31. a4 Qf6 32. e4 Be6 33. a5 Qxh4 34.
Qc3 Qd8 35. Be2 Qb8 36. Kh1 Bc8 37. b5 Bb7 38. b6 Qa8 39. Kg1 h5 40. Qxe5 Qc8
41. Qe7 Qa8 42. Bc4 Qf8 1-0

[Event "Interclubs Adultes"]
[Site "?"]
[Date "2004.03.14"]
[Round "6.7"]
[White "Ancian, Michel"]
[Black "Nguyen-Dinh, Dominique"]
[Result "0-1"]
[WhiteElo "1470"]
[BlackElo "1790"]
[PlyCount "54"]
[EventDate "2004.??.??"]

1. d4 d5 2. Bf4 Nf6 3. e3 c6 4. Bd3 e6 5. Nd2 Nbd7 6. c3 Be7 7. Nh3 h6 8. O-O
c5 9. Bg3 b6 10. f4 Bd6 11. Bh4 Qc7 12. Qf3 Bb7 13. Nf2 c4 14. Bc2 O-O-O 15.
Ng4 Be7 16. Ne5 Rdf8 17. Bg3 Nxe5 18. fxe5 Nd7 19. Qg4 g6 20. e4 h5 21. Qe2 h4
22. Bf4 g5 23. Be3 Rfg8 24. exd5 Bxd5 25. Be4 g4 26. Bxd5 exd5 27. Bf2 Qc6 0-1

[Event "Interclubs Adultes"]
[Site "?"]
[Date "2004.03.14"]
[Round "6.8"]
[White "Rasamoely, Timothy-Frederic"]
[Black "Martignago, Clement"]
[Result "1/2-1/2"]
[WhiteElo "1430"]
[BlackElo "1199"]
[PlyCount "144"]
[EventDate "2004.??.??"]

1. e4 e5 2. Nf3 Nc6 3. Bb5 Nge7 4. O-O a6 5. Ba4 d6 6. d4 b5 7. Bb3 Bg4 8. d5
Nd4 9. Nbd2 Ng6 10. h3 Nxf3+ 11. Nxf3 Bd7 12. c3 h6 13. a4 Be7 14. axb5 axb5
15. Rxa8 Qxa8 16. Be3 Qd8 17. Qc2 O-O 18. Rc1 Bg5 19. Nxg5 hxg5 20. Qd2 Nf4 21.
Bxf4 gxf4 22. Qe2 Qg5 23. Qf3 g6 24. Ra1 Kg7 25. Ra7 Rh8 26. Kf1 Qd8 27. c4 Qb8
28. Ra5 bxc4 29. Bxc4 Qxb2 30. Be2 Qc1+ 31. Bd1 Rb8 32. Ke1 Rb2 33. Qd3 Qb1 34.
Qxb1 Rxb1 35. Ra7 Rc1 36. Kd2 Rc5 37. f3 f5 38. Kd3 Bb5+ 39. Kd2 Bf1 40. exf5
Bxg2 41. fxg6 Kxg6 42. h4 Rxd5+ 43. Ke2 Rc5 44. Kf2 Bh3 45. Ra8 d5 46. Re8 d4
47. Ke2 Bf5 48. Rf8 Ra5 49. h5+ Kg5 50. Kf1 Bd3+ 51. Ke1 Kxh5 52. Kd2 Bg6 53.
Rh8+ Kg5 54. Rg8 Ra2+ 55. Kc1 Kf6 56. Rf8+ Ke7 57. Rc8 Kd6 58. Rd8+ Kc5 59. Rc8
c6 60. Bb3 Ra1+ 61. Kd2 Ra3 62. Bd1 Bh5 63. Bc2 Rxf3 64. Be4 Re3 65. Bxc6 f3
66. Bxf3+ Kb4 67. Bxh5 Rg3 68. Rd8 Kc4 69. Be2+ Kc5 70. Bh5 Kc4 71. Bf7+ Kb4
72. Rd5 Rf3 1/2-1/2

[Event "Interclubs Adultes"]
[Site "?"]
[Date "2004.03.14"]
[Round "6.1"]
[White "Ientile, Pascal"]
[Black "Mujic, Saban"]
[Result "1-0"]
[WhiteElo "1980"]
[BlackElo "1940"]
[PlyCount "105"]
[EventDate "2004.??.??"]

1. d4 d5 2. Nc3 Nf6 3. Bg5 e6 4. e4 dxe4 5. Nxe4 Be7 6. Bxf6 Bxf6 7. Nf3 O-O 8.
Qd2 b6 9. O-O-O Bb7 10. Qf4 Bxe4 11. Qxe4 Qd5 12. Bd3 g6 13. Kb1 Qxe4 14. Bxe4
c6 15. Ne5 Rc8 16. h4 Rc7 17. h5 Bxe5 18. dxe5 Nd7 19. Rxd7 Rxd7 20. Bxc6 Rad8
21. Bxd7 Rxd7 22. Kc1 Rd5 23. f4 g5 24. g3 Kg7 25. Rd1 Rxd1+ 26. Kxd1 gxf4 27.
gxf4 Kh6 28. Ke2 Kxh5 29. Kf3 Kg6 30. a3 h5 31. c4 h4 32. b4 f5 33. c5 bxc5 34.
bxc5 Kf7 35. Kg2 Ke7 36. Kh3 Kd7 37. Kxh4 Kc6 38. Kg5 Kxc5 39. Kf6 Kd5 40. a4
a5 41. Kf7 Ke4 42. Kxe6 Kxf4 43. Kd6 Kg3 44. e6 f4 45. e7 f3 46. e8=Q f2 47.
Qe3+ Kg2 48. Qe2 Kg1 49. Kc5 f1=Q 50. Qxf1+ Kxf1 51. Kb5 Ke2 52. Kxa5 Kd3 53.
Kb6 1-0

[Event "Interclubs Adultes"]
[Site "?"]
[Date "2004.03.14"]
[Round "6.2"]
[White "Bellon, Yves"]
[Black "Floc'H, Romain"]
[Result "1-0"]
[WhiteElo "1880"]
[BlackElo "1960"]
[PlyCount "55"]
[EventDate "2004.??.??"]

1. c4 e5 2. Nc3 f5 3. d3 Nf6 4. g3 g6 5. Bg2 Bg7 6. Nf3 d6 7. O-O O-O 8. Rb1 c6
9. b4 Nbd7 10. Qc2 Qe7 11. b5 cxb5 12. Nxb5 Nc5 13. Bg5 h6 14. Be3 Kh8 15. d4
Nce4 16. Nh4 Qf7 17. f3 a6 18. fxe4 axb5 19. exf5 Bxf5 20. Nxf5 gxf5 21. dxe5
Ng4 22. Bd2 Bxe5 23. Rxb5 Qh5 24. h3 Bxg3 25. Rbxf5 Rxf5 26. Rxf5 Qg6 27. Rf8+
Rxf8 28. Qxg6 1-0

[Event "Interclubs Adultes"]
[Site "?"]
[Date "2004.03.14"]
[Round "6.3"]
[White "Laurain, Francis"]
[Black "Massard, Christian"]
[Result "0-1"]
[WhiteElo "1820"]
[BlackElo "1830"]
[PlyCount "116"]
[EventDate "2004.??.??"]

1. Nf3 Nf6 2. c4 g6 3. Nc3 Bg7 4. g3 d6 5. Bg2 O-O 6. d3 c6 7. O-O e5 8. Bd2
Bg4 9. Rc1 Qc8 10. b4 Re8 11. Ng5 h6 12. Nge4 Nxe4 13. Nxe4 Qd8 14. c5 d5 15.
Nd6 Re7 16. h3 Be6 17. f4 exf4 18. Bxf4 g5 19. Bd2 Be5 20. Nf5 Bxf5 21. Rxf5
Bd4+ 22. Kh2 Be3 23. Bxe3 Rxe3 24. Qf1 Qe7 25. Bf3 Nd7 26. Bh5 Rf8 27. Rc2 Kg7
28. Rf3 Nf6 29. Rxe3 Qxe3 30. Qf3 Re8 31. Kg2 Nxh5 32. Qxh5 Qd4 33. Qg4 Qxg4
34. hxg4 Kf6 35. Kf3 Ke5 36. e3 Kf6 37. a4 a6 38. Rd2 Ke5 39. Rh2 Rh8 40. e4
dxe4+ 41. dxe4 Rd8 42. Rxh6 Rd3+ 43. Kg2 Kxe4 44. Rd6 Rd4 45. b5 axb5 46. axb5
cxb5 47. Rb6 Rd7 48. Rxb5 Kd5 49. c6+ Kxc6 50. Rxg5 b5 51. Rf5 b4 52. g5 b3 53.
Rf3 b2 54. Rf1 Rb7 55. Rb1 Kc5 56. Kf3 Kc4 57. Ke2 Kc3 58. Kd1 Rd7+ 0-1

[Event "Interclubs Adultes"]
[Site "?"]
[Date "2004.03.14"]
[Round "6.4"]
[White "Bednar, Emile"]
[Black "Ravot, Cyril"]
[Result "1-0"]
[WhiteElo "1840"]
[BlackElo "1790"]
[PlyCount "53"]
[EventDate "2004.??.??"]

1. Nf3 d6 2. b3 Nf6 3. Bb2 Nbd7 4. d4 c6 5. e3 Qc7 6. Nbd2 g6 7. Bd3 Bg7 8. c4
O-O 9. O-O Re8 10. Qc2 e5 11. dxe5 dxe5 12. e4 Nc5 13. Be2 Kh8 14. b4 Ncd7 15.
Nb3 Nf8 16. Rfd1 Ng8 17. Nfd2 Ne6 18. c5 Ne7 19. Nc4 Bd7 20. Nd6 Rf8 21. Bc4 f5
22. Rd2 Nc8 23. Rad1 Kg8 24. exf5 gxf5 25. Nxf5 Rf7 26. Rxd7 Qb8 27. Bxe6 1-0